000 00372nam a2200145Ia 4500
100 _aLaunsby/ Robert G/ Werse/ Daniesh
942 _cRB
654 _aExperiments
245 _aDesign & of Experiments for Injection Mouldy
260 _bSociety of Manufacturing Engineers
_aUSA
_c1995
082 _a668.412
_bLAU
300 _a248
546 _aENGLISH
999 _c23412
_d23412